000 00546nam a22001577a 4500
999 _c535314
_d535314
020 _qHard Cover.
082 _a620.0011
100 _aShah, Syed Atif Rafiq
245 _aFuel for economic growth :forecasting the energy mix of Pakistan using TIMES /
_cSyed Atif Rafiq Shah.
260 _aIslamabad:
_bUSPCASE NUST,
_c2015.
300 _a84 p. :
_bill. ;
_c30cm.
942 _2ddc
_cTHE
650 _aEnergy System Engineering MS-Thesis.
_928868
700 _aDr. Muhammad Bilal Khan
_919368